| 000 -LEADER | |
|---|---|
| fixed length control field | 00490nam a22001817a 4500 |
| 005 - DATE AND TIME OF LATEST TRANSACTION | |
| control field | 20180813153402.0 |
| 008 - FIXED-LENGTH DATA ELEMENTS--GENERAL INFORMATION | |
| fixed length control field | 160513b xxu||||| |||| 00| 0 eng d |
| 020 ## - INTERNATIONAL STANDARD BOOK NUMBER | |
| ISBN | 10-0-07-014495-8 |
| 041 ## - LANGUAGE CODE | |
| Language code of text/sound track or separate title | eng |
| 082 ## - DEWEY DECIMAL CLASSIFICATION NUMBER | |
| Item number | 1995 |
| Classification number | 658.4 |
| 100 ## - MAIN ENTRY--AUTHOR NAME | |
| Personal name | HAROLD, KOONTZ AND HEINZ, WEIHRICH |
| 245 ## - TITLE STATEMENT | |
| Title | ESSENTIALS OF MANAGEMENT : an international perspective |
| 250 ## - EDITION STATEMENT | |
| Edition statement | 8TH ED. |
| 260 ## - PUBLICATION, DISTRIBUTION, ETC. (IMPRINT) | |
| Place of publication | New Delhi |
| Name of publisher | Tata McGraw Hill Ltd. |
| 300 ## - PHYSICAL DESCRIPTION | |
| Number of Pages | 446p, |
| 650 ## - SUBJECT ADDED ENTRY--TOPICAL TERM | |
| Topical Term | Management |
| 942 ## - ADDED ENTRY ELEMENTS (KOHA) | |
| Koha item type | Books |
| Lost status | Damaged status | Home library | Shelving location | Date acquired | Cost, normal purchase price | Full call number | Accession Number | Koha item type | Current library |
|---|---|---|---|---|---|---|---|---|---|
| JRU Library | SHELF - 19 - J | 13/05/2016 | 285.00 | 658.4 | 1995 | Books | |||
| JRU Library | SHELF - 19 - J | 13/05/2016 | 285.00 | 658.4 | 1996 | Books | |||
| JRU Library | SHELF - 19 - J | 13/05/2016 | 285.00 | 658.4 | 1997 | Books | |||
| JRU Library | SHELF - 19 - J | 13/05/2016 | 285.00 | 658.4 | 1998 | Books | |||
| JRU Library | SHELF - 19 - J | 13/05/2016 | 285.00 | 658.4 | 1999 | Books | |||
| JRU Library | SHELF - 19 - J | 13/05/2016 | 285.00 | 658.4 | 2000 | Books | |||
| JRU Library | SHELF - 19 - J | 13/05/2016 | 285.00 | 658.4 | 2001 | Books | |||
| JRU Library | SHELF - 19 - J | 13/05/2016 | 285.00 | 658.4 | 2002 (6th ed) | Books | |||
| JRU Library | SHELF - 19 - J | 13/05/2016 | 285.00 | 658.4 | 2003 (6th ed) | Books |